Opravári modernejšie

Bibliographic Details
Main Authors: Vavrinec, Vladislav (Author, Interviewer), Molnár, Martin, 1972- (Author)
Format: Article
Language:Slovak
PhysicalDescription:Fotogr.
ISSN:1336-2910
Subjects:

MARC

LEADER 00000nab a2200000 a 4500
001 vtls008955428
003 SK-MaSNL
005 20260304134350.0
008 250505c2006 xo |||||||||||000 b|slo
015 |a SNBRB2007/03  |2 snkbucl 
035 |a urn:nbn:sk:snk-ab7w7n 
035 |a (urnnbn)urn:nbn:sk:snk:ar-004m6p 
035 |a (uuid)f4e43f49-1e25-4b47-9cc3-1c6b6dc951bc 
038 |a SNKBUCL 
040 |a SNKBUCL  |b slo  |c SNKBUCL  |e AACR2 
041 0 |a slo 
044 |a xo  |c SK 
080 |a 355.753  |x (437.6)  |2 1997 
100 1 |a Vavrinec, Vladislav  |4 aut  |4 ivr  |9 1312739 
245 1 0 |a Opravári modernejšie  |c Vladislav Vavrinec, Martin Molnár 
300 |b Fotogr. 
610 1 7 |a Slovensko.  |b Ozbrojené sily  |2 snkbucl  |9 88133 
650 0 7 |a vojenské opravárstvo  |2 snkbucl  |9 1267814 
700 1 |a Molnár, Martin,  |d 1972-  |4 aut  |9 217668 
773 0 |t Obrana  |g Roč. 14, č. 11 (2006), s. [19]  |x 1336-2910 
850 |a Slovenská národná knižnica 
852 |a Slovenská národná knižnica 
954 |a odborná, vedecká literatúra pôvodná (slovenská)  |2 lita 
958 |a article9 
958 |a OND 
958 |a SK 
958 |a EUIPO 
999 |c 2906513  |d 2908443